[Event "Titled Tuesday intern op 16th Apr Late"]
[Site "Chess.com INT"]
[Date "2024.04.16"]
[Round "9"]
[White "Minina, Veronika"]
[Black "Collins, Adam"]
[Result "1-0"]
[WhiteElo "2057"]
[BlackElo "2176"]
[PlyCount "63"]
[EventDate "2024.04.16"]
[EventType "swiss (blitz)"]
[EventRounds "11"]
[EventCountry "USA"]
[SourceTitle "CB17_2024"]
[SourceDate "2024.04.24"]
[SourceVersion "1"]
[SourceVersionDate "2024.04.24"]
[SourceQuality "1"]

1. d4 b5 2. e4 a6 3. Bd3 Bb7 4. Nf3 e6 5. Qe2 c5 6. c3 d6 7. a4 c4 8. Bc2 Nd7 9. 0-0 Ngf6 10. Na3 Be7 11. Bg5 Qb6 12. e5 dxe5 13. dxe5 Nd5 14. Bxe7 Nxe7 15. Rad1 Nc5 16. Rd6 Qa5 17. Nd4 Nxa4 18. Qg4 0-0 19. Bxa4 bxa4 20. Rd7 Qxe5 21. Rxb7 Ng6 22. Nxc4 Qd5 23. Rb4 Rfc8 24. Nb6 Qa5 25. Nxa8 Rxa8 26. Qe4 Rd8 27. Nc6 Qd5 28. Nxd8 Qxd8 29. Rxa4 Ne7 30. Rxa6 Nd5 31. Qa4 Nb6 32. Qa5 1-0

[Event "Titled Tuesday intern op 12th Mar Late"]
[Site "Chess.com INT"]
[Date "2024.03.12"]
[Round "4"]
[White "Minina, Veronika"]
[Black "Palencia Morales, Wilson Guillermo"]
[Result "0-1"]
[WhiteElo "2057"]
[BlackElo "2180"]
[PlyCount "74"]
[EventDate "2024.03.12"]
[EventType "swiss (blitz)"]
[EventRounds "11"]
[EventCountry "USA"]
[SourceTitle "CB12_2024"]
[SourceDate "2023.10.01"]
[SourceVersion "1"]
[SourceVersionDate "2023.10.01"]
[SourceQuality "1"]

1. Nf3 c5 2. g3 g6 3. Bg2 Bg7 4. 0-0 Nc6 5. c4 Nf6 6. Nc3 0-0 7. d4 d6 8. dxc5 dxc5 9. Qa4 Qa5 10. Be3 Qxa4 11. Nxa4 b6 12. Ne5 Nxe5 13. Bxa8 Bd7 14. Nxb6 axb6 15. Bg2 Nxc4 16. Bf4 Nh5 17. Bc1 b5 18. Rb1 Bf5 19. e4 Be6 20. b3 Ne5 21. f4 Nd3 22. Be3 c4 23. bxc4 Bxc4 24. Rfd1 Ra8 25. e5 Rxa2 26. Be4 Ra3 27. Bc1 Nxc1 28. Rbxc1 e6 29. Bc6 Bf8 30. Rd8 Kg7 31. Kh1 Ra6 32. Bb7 Ra2 33. Bg2 Ba3 34. Rb1 b4 35. Rc8 Bd3 36. Rd1 Bc2 37. Rd2 b3 0-1

[Event "Titled Tuesday intern op 13th Feb Late"]
[Site "Chess.com INT"]
[Date "2024.02.13"]
[Round "6"]
[White "Minina, Veronika"]
[Black "Lin, Bryan Enming"]
[Result "0-1"]
[WhiteElo "2057"]
[BlackElo "2103"]
[PlyCount "50"]
[EventDate "2024.02.13"]
[EventType "swiss (blitz)"]
[EventRounds "11"]
[EventCountry "USA"]
[SourceTitle "CB08_2024"]
[SourceDate "2024.02.21"]
[SourceVersion "1"]
[SourceVersionDate "2024.02.21"]
[SourceQuality "1"]

1. Nf3 Nf6 2. c4 g6 3. g3 Bg7 4. Bg2 0-0 5. 0-0 d6 6. d4 Nc6 7. Nc3 Bg4 8. d5 Na5 9. Nd2 c5 10. h3 Bd7 11. a3 Qc8 12. Re1 Bxh3 13. e4 Bxg2 14. Kxg2 a6 15. f4 Ng4 16. Qe2 h5 17. Nf3 Nb3 18. Rb1 Nd4 19. Nxd4 cxd4 20. Nd1 b5 21. cxb5 axb5 22. Qxb5 Qc2+ 23. Qe2 Qxb1 24. b4 d3 25. Qd2 Qc2 0-1

[Event "Titled Tuesday intern op 13th Feb Late"]
[Site "Chess.com INT"]
[Date "2024.02.13"]
[Round "5"]
[White "Minina, Veronika"]
[Black "Sloan, Julia Elizabeth"]
[Result "1-0"]
[WhiteElo "2057"]
[BlackElo "2087"]
[PlyCount "49"]
[EventDate "2024.02.13"]
[EventType "swiss (blitz)"]
[EventRounds "11"]
[EventCountry "USA"]
[SourceTitle "CB08_2024"]
[SourceDate "2024.02.21"]
[SourceVersion "1"]
[SourceVersionDate "2024.02.21"]
[SourceQuality "1"]

1. c4 c5 2. g3 Nc6 3. Bg2 g6 4. Nf3 h5 5. h4 d6 6. 0-0 Bg7 7. Nc3 Nf6 8. d4 cxd4 9. Nxd4 Bd7 10. b3 0-0 11. e3 Bg4 12. Qd3 Nxd4 13. exd4 Qd7 14. Bb2 d5 15. Nxd5 Nxd5 16. Bxd5 e6 17. Be4 Rfd8 18. Rac1 Bxd4 19. Bxd4 Qxd4 20. Qxd4 Rxd4 21. Bxb7 Rb8 22. Bc6 Rd2 23. c5 Rxa2 24. Bd7 e5 25. c6 1-0

[Event "Titled Tuesday intern op 16th Jan Early"]
[Site "Chess.com INT"]
[Date "2024.01.16"]
[Round "7"]
[White "Kiremitciyan, Ari"]
[Black "Minina, Veronika"]
[Result "1-0"]
[WhiteElo "2281"]
[BlackElo "2057"]
[PlyCount "53"]
[EventDate "2024.01.16"]
[EventType "swiss (blitz)"]
[EventRounds "11"]
[EventCountry "USA"]
[SourceTitle "CB04_2024"]
[SourceDate "2023.10.16"]
[SourceVersion "1"]
[SourceVersionDate "2023.10.16"]
[SourceQuality "1"]

1. e4 c5 2. Nf3 Nc6 3. c3 Nf6 4. e5 Nd5 5. d4 cxd4 6. cxd4 d6 7. Nc3 Nxc3 8. bxc3 dxe5 9. d5 e4 10. Ng5 Ne5 11. Qa4+ Bd7 12. Qxe4 Ng6 13. Bc4 Qa5 14. 0-0 h6 15. Ne6 Bxe6 16. dxe6 0-0-0 17. exf7 Ne5 18. Be6+ Nd7 19. Rb1 Qa6 20. Rd1 g5 21. Bc4 Qc6 22. Qxc6+ bxc6 23. Ba6+ Kc7 24. Rb7+ Kc8 25. Rbxd7+ Kb8 26. Rb7+ Kc8 27. Rxe7+ 1-0

[Event "Titled Tuesday intern op 16th Jan Early"]
[Site "Chess.com INT"]
[Date "2024.01.16"]
[Round "6"]
[White "Minina, Veronika"]
[Black "Dinu, Dumitru Daniel"]
[Result "1-0"]
[WhiteElo "2057"]
[BlackElo "2190"]
[PlyCount "83"]
[EventDate "2024.01.16"]
[EventType "swiss (blitz)"]
[EventRounds "11"]
[EventCountry "USA"]
[SourceTitle "CB04_2024"]
[SourceDate "2023.10.16"]
[SourceVersion "1"]
[SourceVersionDate "2023.10.16"]
[SourceQuality "1"]

1. Nf3 Nf6 2. g3 b5 3. Bg2 d5 4. 0-0 e6 5. b3 Be7 6. Bb2 0-0 7. d3 Nbd7 8. Nbd2 a5 9. e4 c6 10. c4 bxc4 11. dxc4 Rb8 12. exd5 cxd5 13. cxd5 Nxd5 14. Nc4 a4 15. Nfe5 Nxe5 16. Bxe5 Rb4 17. Rc1 axb3 18. axb3 Ba6 19. h4 Qd7 20. Re1 Rd8 21. h5 h6 22. Qg4 Nf6 23. Qh3 Rxb3 24. Na5 Ra3 25. Nc6 Re8 26. Red1 Rd3 27. Re1 Bb7 28. Nxe7+ Qxe7 29. Bxb7 Qxb7 30. Bxf6 gxf6 31. Qg4+ Kh7 32. Qf4 Qe7 33. Rc7 Rd7 34. Rxd7 Qxd7 35. Qxf6 Rg8 36. Qe5 Rg7 37. Qe4+ Kg8 38. Rb1 f6 39. Rb8+ Kf7 40. Rb7 Ke8 41. Rxd7 Kxd7 42. Qb7+ 1-0

[Event "Titled Tuesday intern op 16th Jan Early"]
[Site "Chess.com INT"]
[Date "2024.01.16"]
[Round "9"]
[White "Spichkin, Alexander"]
[Black "Minina, Veronika"]
[Result "0-1"]
[WhiteElo "2035"]
[BlackElo "2057"]
[PlyCount "118"]
[EventDate "2024.01.16"]
[EventType "swiss (blitz)"]
[EventRounds "11"]
[EventCountry "USA"]
[SourceTitle "CB04_2024"]
[SourceDate "2023.10.16"]
[SourceVersion "1"]
[SourceVersionDate "2023.10.16"]
[SourceQuality "1"]

1. f4 g6 2. Nf3 Bg7 3. d3 d6 4. e4 Nf6 5. Be2 0-0 6. 0-0 c5 7. Nc3 Nc6 8. Qe1 Rb8 9. a4 a6 10. Qh4 b5 11. axb5 axb5 12. f5 Nd4 13. Bd1 Nxf3+ 14. Rxf3 b4 15. Ne2 c4 16. Bg5 cxd3 17. cxd3 Qb6+ 18. Kh1 Bb7 19. Rh3 h5 20. Bb3 Ng4 21. d4 Bxd4 22. Rf1 Bf2 23. Ng3 Bxe4 24. fxg6 Bxg2+ 25. Kxg2 Qc6+ 26. Ne4 Qxe4+ 27. Rf3 Bxh4 28. gxf7+ Kg7 29. Bxh4 Ne3+ 30. Kg3 Nxf1+ 31. Rxf1 Qg4+ 32. Kf2 Qxh4+ 33. Ke3 Rbc8 34. Rg1+ Kh8 35. Rg3 Qf6 36. Rf3 Qe5+ 37. Kd3 d5 38. Rg3 Qe4+ 39. Kd2 Qf4+ 40. Ke2 d4 41. Kd3 Rcd8 42. Bc4 Qf1+ 43. Ke4 Qe1+ 44. Kf5 d3 45. Rg6 Qf2+ 46. Kg5 Qe3+ 47. Kxh5 d2 48. Rh6+ Qxh6+ 49. Kxh6 d1Q 50. h4 Qd2+ 51. Kh5 Qd1+ 52. Kh6 Rxf7 53. b3 Rd6+ 54. Kg5 Qd2+ 55. Kg4 Rd4+ 56. Kh5 Qd1+ 57. Kg6 Rf6+ 58. Kg5 Qg1+ 59. Kh5 Qg6# 0-1

[Event "Titled Tuesday intern op 24th Oct Late"]
[Site "Chess.com INT"]
[Date "2023.10.24"]
[Round "1"]
[White "Minina, Veronika"]
[Black "Klukin, Kirill"]
[Result "0-1"]
[WhiteElo "2057"]
[BlackElo "2390"]
[PlyCount "78"]
[EventDate "2023.10.24"]
[EventType "swiss (blitz)"]
[EventRounds "11"]
[EventCountry "USA"]
[SourceTitle "Mega2024 Update 01"]
[Source "Chessbase"]
[SourceDate "2023.11.12"]
[SourceVersion "1"]
[SourceVersionDate "2023.11.12"]
[SourceQuality "1"]

1. Nf3 c5 2. g3 g6 3. c4 Bg7 4. Bg2 Nc6 5. 0-0 a6 6. Nc3 Rb8 7. a4 e6 8. e3 Nge7 9. d4 cxd4 10. exd4 d5 11. c5 0-0 12. Bf4 Ra8 13. Rb1 Nf5 14. Ne2 Nb4 15. Qb3 a5 16. Bd2 Bd7 17. Bxb4 axb4 18. Qxb4 Bxa4 19. Qxb7 Rb8 20. Qa7 Bb5 21. Rfe1 Ra8 22. Qb7 Qa5 23. b4 Qa6 24. Qxa6 Rxa6 25. Nc3 Bc4 26. b5 Ra3 27. Rec1 Nxd4 28. b6 Rxc3 29. Rxc3 Ne2+ 30. Kh1 Nxc3 31. Rc1 Na4 32. b7 Nxc5 33. Rb1 Rb8 34. Nd2 Ba6 35. Bf1 Bxf1 36. Rxf1 Rxb7 37. Kg2 Rb2 38. Nb1 Ne4 39. Na3 Bd4 0-1

[Event "Titled Tuesday intern op 26th Sep Late"]
[Site "Chess.com INT"]
[Date "2023.09.26"]
[Round "2"]
[White "Urbina Perez, Juan Antonio"]
[Black "Minina, Veronika"]
[Result "1-0"]
[WhiteElo "2266"]
[BlackElo "2057"]
[PlyCount "159"]
[EventDate "2023.09.26"]
[EventType "swiss (blitz)"]
[EventRounds "11"]
[EventCountry "USA"]
[SourceTitle "EXT 2024"]
[Source "ChessBase"]
[SourceDate "2023.10.10"]
[SourceVersion "1"]
[SourceVersionDate "2023.10.10"]
[SourceQuality "1"]

1. Nf3 Nf6 2. d4 g6 3. g3 Bg7 4. Bg2 0-0 5. 0-0 d6 6. b3 c5 7. Bb2 Nc6 8. dxc5 dxc5 9. Na3 Bf5 10. c4 Qa5 11. Nc2 Rad8 12. Qc1 Qc7 13. Ne3 Be4 14. Rd1 b6 15. Bc3 Rxd1+ 16. Qxd1 Rd8 17. Qe1 Nd4 18. Rd1 e5 19. Ng5 Bxg2 20. Kxg2 Bh6 21. Nf3 Qc6 22. h3 Re8 23. Nd5 Nxd5 24. cxd5 Qxd5 25. e4 Qb7 26. Bxd4 exd4 27. Qf1 Rxe4 28. Qd3 Re8 29. a3 Qd5 30. b4 Rc8 31. bxc5 bxc5 32. Qa6 Qc6 33. Re1 Bg7 34. Qc4 Qd6 35. Kg1 Rd8 36. Ng5 Qd5 37. Qxd5 Rxd5 38. Re8+ Bf8 39. Ne4 d3 40. Nf6+ Kg7 41. Nxd5 c4 42. Ne3 c3 43. Rd8 c2 44. Nxc2 dxc2 45. Rc8 Bxa3 46. Rxc2 a5 47. Kf1 Bb4 48. Ke2 Kf6 49. Kd3 Ke5 50. f3 Kd5 51. Re2 Bc5 52. Re8 a4 53. Rh8 a3 54. Kc2 Kc4 55. Rxh7 f6 56. Rg7 Bd4 57. Kb1 Kb3 58. Rb7+ Kc3 59. Ka2 Bc5 60. Rg7 g5 61. h4 Kc4 62. hxg5 fxg5 63. Rxg5 Bd4 64. Rf5 Bb2 65. g4 Kd4 66. g5 Ke3 67. g6 Kf2 68. Rf7 Ke3 69. g7 Ke2 70. g8Q Ke3 71. Qg6 Kd2 72. Qe6 Kc3 73. f4 Kb4 74. f5 Kc5 75. Rd7 Kb5 76. Qe8 Kb4 77. Qc8 Bd4 78. Rb7+ Ka5 79. Qa8+ Ba7 80. Qxa7# 1-0

[Event "Titled Tuesday intern op 19th Sep Late"]
[Site "Chess.com INT"]
[Date "2023.09.19"]
[Round "5"]
[White "Joie, Sebastien"]
[Black "Minina, Veronika"]
[Result "1-0"]
[WhiteElo "2399"]
[BlackElo "2057"]
[PlyCount "95"]
[EventDate "2023.09.19"]
[EventType "swiss (blitz)"]
[EventRounds "11"]
[EventCountry "USA"]
[SourceTitle "EXT 2024"]
[Source "ChessBase"]
[SourceDate "2023.10.10"]
[SourceVersion "1"]
[SourceVersionDate "2023.10.10"]
[SourceQuality "1"]

1. d4 Nf6 2. c4 g6 3. Nc3 Bg7 4. e4 d6 5. f4 0-0 6. Nf3 Na6 7. Bd3 Bg4 8. 0-0 e5 9. fxe5 dxe5 10. d5 c5 11. Bg5 h6 12. Bh4 g5 13. Bf2 Ne8 14. h3 Bh5 15. Bg3 Nd6 16. Qd2 Qe7 17. a3 Bg6 18. Rae1 Nc7 19. b4 b6 20. Nh2 Na6 21. b5 Nc7 22. Ng4 a6 23. bxa6 Rxa6 24. Rb1 Rfa8 25. a4 Nc8 26. Rf2 Nd6 27. Rbf1 Nce8 28. Ne3 Kh7 29. Nf5 Bxf5 30. exf5 f6 31. Re2 h5 32. h4 Bh6 33. hxg5 Bxg5 34. Bf4 Qg7 35. Bxg5 Qxg5 36. Qxg5 fxg5 37. Rxe5 Kg8 38. f6 Kf7 39. Rxg5 Nxf6 40. Rgf5 Nde8 41. Ne4 Rxa4 42. Nxf6 Nxf6 43. Rxf6+ Ke7 44. Re6+ Kd7 45. Rf7+ Kd8 46. Rh6 Ke8 47. Bg6 Ra1+ 48. Kh2 1-0

[Event "Titled Tuesday intern op 19th Sep Late"]
[Site "Chess.com INT"]
[Date "2023.09.19"]
[Round "4"]
[White "Minina, Veronika"]
[Black "Ansh, M Shah"]
[Result "1-0"]
[WhiteElo "2057"]
[BlackElo "2166"]
[PlyCount "51"]
[EventDate "2023.09.19"]
[EventType "swiss (blitz)"]
[EventRounds "11"]
[EventCountry "USA"]
[SourceTitle "EXT 2024"]
[Source "ChessBase"]
[SourceDate "2023.10.10"]
[SourceVersion "1"]
[SourceVersionDate "2023.10.10"]
[SourceQuality "1"]

1. Nf3 Nf6 2. c4 g6 3. g3 Bg7 4. Bg2 0-0 5. 0-0 c5 6. d4 cxd4 7. Nxd4 Nc6 8. Nc3 Nxd4 9. Qxd4 d6 10. Qd3 a6 11. b3 Bf5 12. Qe3 Ng4 13. Qd2 b5 14. cxb5 axb5 15. Bxa8 b4 16. Nd5 Bxa1 17. Bc6 Ne5 18. Ba4 Be4 19. Nxb4 Qc8 20. Nd5 Qh3 21. Nxe7+ Kg7 22. f3 Ng4 23. e3 Bc3 24. Bb2 Bxb2 25. Qxb2+ f6 26. fxg4 1-0

[Event "Titled Tuesday intern op 14th Feb Late"]
[Site "Chess.com INT"]
[Date "2023.02.14"]
[Round "5"]
[White "Meunier Pion, Jean"]
[Black "Minina, Veronika"]
[Result "1-0"]
[WhiteElo "2207"]
[BlackElo "2057"]
[PlyCount "45"]
[EventDate "2023.02.14"]
[EventType "swiss (blitz)"]
[EventRounds "11"]
[EventCountry "USA"]
[SourceTitle "CBM 212 Extra"]
[Source "ChessBase"]
[SourceDate "2023.03.31"]
[SourceVersion "1"]
[SourceVersionDate "2023.03.31"]
[SourceQuality "1"]

1. e4 c5 2. Nf3 Nc6 3. Bb5 e6 4. 0-0 Nge7 5. Re1 a6 6. Bf1 b5 7. c3 d6 8. d4 cxd4 9. cxd4 Bb7 10. d5 exd5 11. exd5 Nb4 12. Nc3 Qa5 13. a3 0-0-0 14. Rxe7 Bxe7 15. Be3 Kb8 16. Qd4 Nc2 17. Qa7+ Kc7 18. Nxb5+ Kd7 19. Qxb7+ Ke8 20. Bb6 Qa4 21. Bxd8 Bxd8 22. Nxd6+ Kf8 23. Qxf7# 1-0